Wszystkie Piosenki - Molesta Ewenement - Statystyki

Ogólne statystyki
  • Ten quiz został rozwiązany 8 razy
  • Średni wynik to 25 z 78
Statystyki odpowiedzi
Hint Odpowiedź % Poprawnych
Skandal 28.09.97
100%
Skandal Armagedon
100%
Skandal Klima
100%
Skandal Wiedziałem, że tak będzie
100%
Skandal Wiedziałem, że tak będzie - Club Mix
100%
Skandal Intro
80%
Skandal Kontroluj się
80%
Skandal Outro
80%
Skandal Się żyje
80%
Skandal Sztuki
80%
Skandal Wolę się nastukać
80%
Skandal Jeszcze jedno
60%
Skandal Osiedlowe akcje
60%
Skandal P.K.U (Patrz komu ufasz)
60%
Skandal Szacunek
60%
Skandal Upadek
60%
Skandal Xeroboy
60%
Nigdy nie mów nigdy Bez końca
20%
Ewenement Co jest nauczane
20%
Molesta + Kumple Czasem
20%
Taka Płyta Czego chcesz?
20%
Molesta + Kumple DJ B Track
20%
Ewenement Dla dzieciaków
20%
Taka Płyta Dobrze będzie, dzieciak
20%
Molesta + Kumple Do utraty tchu
20%
Ewenement Ewenement
20%
Nigdy nie mów nigdy Grzeczne dzieci
20%
Molesta + Kumple Inspiracje
20%
Nigdy nie mów nigdy Intro - ten projekt
20%
Taka Płyta Jestem jak...
20%
Molesta + Kumple Kiedy śpisz...
20%
Ewenement Konieczność istnienia
20%
Ewenement Kto jest kto
20%
Molesta + Kumple Lubię się włóczyć
20%
Nigdy nie mów nigdy Mam to przed oczami
20%
Molesta + Kumple Martwię się
20%
Ewenement Miejskie bagno
20%
Molesta + Kumple Moi kumple
20%
Molesta + Kumple Mówię nie
20%
Taka Płyta Muszę przetrwać
20%
Taka Płyta Muzyka miasta
20%
Molesta + Kumple Na wszelki wypadek
20%
Taka Płyta Nic nowego
20%
Ewenement Nie prowokuj
20%
Nigdy nie mów nigdy Nie wiem jak ty
20%
Molesta + Kumple Nikt i nic
20%
Molesta + Kumple Pakuj mandżur - skit
20%
Nigdy nie mów nigdy Perfekt
20%
Molesta + Kumple Poczta - skit
20%
Nigdy nie mów nigdy Powrót
20%
Ewenement Skit
20%
Ewenement Skit
20%
Ewenement Skit
20%
Nigdy nie mów nigdy Skit
20%
Ewenement Skit rycerz
20%
Nigdy nie mów nigdy Świat da się lubić
20%
Ewenement System
20%
Taka Płyta Takie życie, ziomek
20%
Nigdy nie mów nigdy Tak miało być
20%
Nigdy nie mów nigdy Tak się nie robi
20%
Ewenement Te chwile
20%
Taka Płyta To my, niechciani
20%
Molesta + Kumple Tu jest tak
20%
Nigdy nie mów nigdy Ty wiesz że...
20%
Molesta + Kumple Uwaga
20%
Ewenement Wady ludzkie
20%
Nigdy nie mów nigdy Wiem że można się zmusić do snu
20%
Nigdy nie mów nigdy Wolne myśli
20%
Nigdy nie mów nigdy Wróg
20%
Molesta + Kumple W szufladzie
20%
Taka Płyta Wszystko co najlepsze
20%
Molesta + Kumple Wszystko wporzo
20%
Ewenement Za dalekie odloty
20%
Taka Płyta Zawsze coś za coś
20%
Taka Płyta Zrozum to...
20%
Nigdy nie mów nigdy Dla społeczeństwa
0%
Taka Płyta Niespełnione ambicje
0%
Molesta + Kumple Tych kilka...
0%
Nie znaleziono quizów pasujących do podanych kryteriów
Rozkład punktacji
Procent ludzi z każdym wynikiem
Percentyl według liczby udzielonych odpowiedzi
Twoja historia wyników
Nie rozwiązałeś tego quizu